[Event "Dundee & Angus Challengers Rd4"]
[Site "?"]
[Date "2008.??.??"]
[Round "?"]
[White "Clifford, John"]
[Black "MacKintosh, Ken"]
[Result "1-0"]
[WhiteElo "1776"]
[BlackElo "1552"]
[PlyCount "45"]

1. e4 c5 2. Nf3 d6 3. d4 cxd4 4. Nxd4 Nf6 5. Nc3 g6 6. Be2 Bg7 7. Be3 O-O 8.
Qd2 Nc6 9. Nb3 Bd7 10. Bh6 Rc8 11. h4 e6 12. h5 Ne5 13. hxg6 fxg6 14. Bxg7 Kxg7
15. Qxd6 Nc4 16. Bxc4 Rxc4 17. O-O-O Rc6 18. Qd2 Qc7 19. Qh6+ Kg8 20. e5 Be8
21. exf6 Rxf6 22. f3 b5 23. Kb1 1-0

[Event "Dundee & Angus Challengers Rd4"]
[Site "?"]
[Date "2008.??.??"]
[Round "?"]
[White "Smith, John"]
[Black "Clinton, William"]
[Result "1-0"]
[WhiteElo "1653"]
[BlackElo "1609"]
[PlyCount "45"]

1. e4 d5 2. exd5 Nf6 3. d4 Bg4 4. Be2 Bxe2 5. Qxe2 Qxd5 6. Nf3 Nc6 7. c3 e6 8.
O-O O-O-O 9. Be3 Bd6 10. b4 h6 11. c4 Qh5 12. c5 Be7 13. b5 Nb8 14. Qc4 Qd5 15.
Qa4 a6 16. bxa6 Nxa6 17. Nc3 Qd7 18. Qa5 Rdf8 19. Ne5 Qe8 20. c6 Nb8 21. cxb7+
Kd8 22. Qa8 Nfd7 23. Nc6# 1-0

[Event "Dundee & Angus Challengers Rd4"]
[Site "?"]
[Date "2008.??.??"]
[Round "?"]
[White "Monaghan, Mark"]
[Black "Clegg, Robert"]
[Result "1-0"]
[WhiteElo "1645"]
[BlackElo "1688"]
[PlyCount "57"]

1. d4 d5 2. c4 e6 3. Nc3 c6 4. Nf3 dxc4 5. a4 Bb4 6. Bd2 a5 7. e4 b5 8. Be2 Nf6
9. Qc2 Nbd7 10. O-O O-O 11. Bg5 Qc7 12. axb5 Bxc3 13. bxc6 Qxc6 14. Bxf6 Nxf6
15. bxc3 Nxe4 16. Ne5 Qc7 17. Qxe4 Bb7 18. Qg4 Bd5 19. Bf3 f5 20. Qf4 a4 21.
Bxd5 exd5 22. Ra3 Qe7 23. Rfa1 g5 24. Qd2 Rfb8 25. Qc1 Rb3 26. Rxa4 Rxa4 27.
Rxa4 Qb7 28. Qxg5+ Kh8 29. Ra8+ 1-0

[Event "Dundee & Angus Challengers Rd5"]
[Site "?"]
[Date "2008.??.??"]
[Round "?"]
[White "Morrison, George"]
[Black "Heatlie, Douglas"]
[Result "0-1"]
[WhiteElo "1556"]
[BlackElo "1668"]
[PlyCount "72"]

1. e4 e5 2. Nf3 Nc6 3. Bc4 Be7 4. O-O d6 5. d3 Bg4 6. Be3 Na5 7. Bb5+ c6 8. Ba4
b5 9. Bb3 Nxb3 10. axb3 a6 11. Nbd2 f5 12. Nb1 f4 13. Bd2 Nf6 14. Ba5 Qd7 15.
Nbd2 g5 16. Qe1 Rg8 17. Kh1 h5 18. Ng1 h4 19. f3 Be6 20. h3 Nh5 21. Rf2 Ng3+
22. Kh2 Kf7 23. Nf1 Bf6 24. Rd2 d5 25. c4 d4 26. Rc2 Be7 27. Qd1 c5 28. Bd2 b4
29. Nxg3 hxg3+ 30. Kh1 Rh8 31. Qf1 Rh4 32. Bc1 Bf6 33. Qe1 Rah8 34. Rxa6 Bxh3
35. gxh3 Qxh3+ 36. Nxh3 Rxh3+ 0-1

[Event "Dundee & Angus Challengers Rd5"]
[Site "?"]
[Date "2008.??.??"]
[Round "?"]
[White "Aitchison, Keith"]
[Black "Chapman, Nigel"]
[Result "1/2-1/2"]
[WhiteElo "1626"]
[BlackElo "1601"]
[PlyCount "63"]

1. e4 d5 2. e5 Bf5 3. d4 e6 4. Bd3 Bxd3 5. Qxd3 c5 6. c3 cxd4 7. cxd4 Qa5+ 8.
Bd2 Qa6 9. Qg3 Ne7 10. Ne2 Nf5 11. Qg4 h5 12. Qh3 Nc6 13. Bc3 Bb4 14. Nd2 Kd7
15. Nb3 b6 16. a3 Bxc3+ 17. bxc3 g5 18. Nbc1 Na5 19. O-O Nc4 20. Qd3 Rag8 21.
Na2 Qb7 22. Nb4 Rg7 23. Rfb1 a5 24. Nc2 g4 25. Ne3 Nfxe3 26. fxe3 h4 27. Nf4
Qc6 28. a4 Kc8 29. Rb5 Kb7 30. Rab1 Ka7 31. R1b3 Rgg8 32. Qe2 1/2-1/2

[Event "Dundee & Angus Challengers Rd5"]
[Site "?"]
[Date "2008.??.??"]
[Round "?"]
[White "Chalmers, Bruce"]
[Black "Stevenson, Frank"]
[Result "0-1"]
[WhiteElo "1372"]
[BlackElo "1637"]
[PlyCount "74"]

1. d4 Nf6 2. Nf3 g6 3. Nc3 d5 4. Bf4 c6 5. Qd2 Bg7 6. h4 Bg4 7. Ne5 Bf5 8. f3
h5 9. Rg1 Nbd7 10. g4 hxg4 11. fxg4 Be6 12. h5 gxh5 13. g5 Ng4 14. O-O-O Ndxe5
15. dxe5 Nxe5 16. Bxe5 Bxe5 17. e3 Qa5 18. Kb1 O-O-O 19. Qd3 d4 20. exd4 Bxd4
21. Rg2 Bxc3 22. Qxc3 Qxc3 23. bxc3 c5 24. g6 fxg6 25. Rxg6 Rd6 26. Rg7 c4 27.
Be2 Rxd1+ 28. Bxd1 Kd7 29. Bf3 b6 30. Kc1 h4 31. Bh1 h3 32. Kd2 h2 33. Ke3 Kd6
34. a3 Bd5 35. Rg6+ e6 36. Bxd5 Kxd5 37. Rg5+ e5 0-1

[Event "Dundee & Angus Challengers Rd5"]
[Site "?"]
[Date "????.??.??"]
[Round "?"]
[White "McDonald, Ian"]
[Black "Smith, John"]
[Result "1-0"]
[WhiteElo "1481"]
[BlackElo "1653"]
[PlyCount "73"]

1. e4 e5 2. Nf3 Nc6 3. Nc3 Nf6 4. d3 d6 5. Bg5 Be7 6. Be2 O-O 7. O-O Bd7 8. Qd2
h6 9. Bh4 Nh7 10. Bxe7 Qxe7 11. Nd5 Qd8 12. c3 f5 13. exf5 Bxf5 14. Ne3 Bd7 15.
d4 e4 16. Bc4+ Kh8 17. Ne1 Ne7 18. f3 Nf6 19. Qc2 d5 20. Bb3 c6 21. fxe4 Nxe4
22. Nd3 Nf5 23. Nxf5 Bxf5 24. Ne5 Rf6 25. g4 Bh7 26. Rxf6 Qxf6 27. Rf1 Qh4 28.
Qg2 Ng5 29. Bc2 Bxc2 30. Qxc2 Kg8 31. Qf5 Qh3 32. Nf3 Rf8 33. Qxf8+ Kh7 34.
Nxg5+ hxg5 35. Qf3 Qh6 36. Qf5+ Kh8 37. Re1 1-0

[Event "Dundee & Angus Challengers Rd5"]
[Site "?"]
[Date "2008.??.??"]
[Round "?"]
[White "Siddall, David"]
[Black "Smith, John SR"]
[Result "0-1"]
[WhiteElo "1661"]
[BlackElo "1738"]
[PlyCount "39"]

1. d4 Nf6 2. Nf3 d5 3. c4 c6 4. Nc3 Nbd7 5. cxd5 cxd5 6. Bf4 e6 7. e3 Bb4 8.
Bd3 O-O 9. O-O Bxc3 10. bxc3 Qa5 11. Bd6 Re8 12. c4 Ne4 13. Bxe4 dxe4 14. Nd2
f5 15. f3 exf3 16. Nxf3 Nf6 17. Qb3 Ne4 18. Bb4 Qb6 19. Ne5 a5 20. Bxa5 0-1

[Event "Dundee & Angus Challengers Rd5"]
[Site "?"]
[Date "2008.??.??"]
[Round "?"]
[White "Egbaiyelo, Ade"]
[Black "Clifford, John"]
[Result "1-0"]
[WhiteElo "1650"]
[BlackElo "1776"]
[PlyCount "65"]

1. d4 d5 2. c4 c6 3. Nc3 Nf6 4. Nf3 h6 5. cxd5 cxd5 6. Bf4 Nc6 7. e3 Bg4 8. Be2
e6 9. h3 Bf5 10. O-O Bd6 11. Bxd6 Qxd6 12. Rc1 O-O 13. Nb5 Qe7 14. Ne5 Rac8 15.
Nxc6 bxc6 16. Nc3 c5 17. dxc5 Rxc5 18. Bd3 Bxd3 19. Qxd3 Rfc8 20. Ne2 Qb7 21.
b3 Ne4 22. Rxc5 Rxc5 23. Rc1 Qb4 24. Qd1 Kf8 25. Rxc5 Nxc5 26. Qc1 Ke7 27. Nd4
Kd6 28. a3 Qb6 29. b4 Nd3 30. Qc8 Ke5 31. Qc3 Ke4 32. Nc2 Qb5 33. f3+ 1-0

[Event "Dundee & Angus Major Rd4"]
[Site "?"]
[Date "2008.??.??"]
[Round "?"]
[White "Cassidy, Bernard"]
[Black "Maxwell, Daniel"]
[Result "0-1"]
[WhiteElo "1405"]
[BlackElo "1318"]
[PlyCount "108"]

1. e4 e6 2. Nf3 d5 3. exd5 exd5 4. d4 Nf6 5. Bd3 Be7 6. O-O O-O 7. Be3 Bg4 8.
h3 Bh5 9. Nbd2 Re8 10. c3 c6 11. Qc2 Nbd7 12. Rae1 Qc7 13. Bg5 Bd6 14. Bxf6
Nxf6 15. Nh4 c5 16. Nf5 c4 17. Nxd6 Rxe1 18. Rxe1 cxd3 19. Nb5 dxc2 20. Nxc7
Bd1 21. Nb3 Rc8 22. Nb5 Rc6 23. Na3 Rb6 24. Nxc2 Bxc2 25. Nc5 Rxb2 26. Re7 g6
27. f3 b6 28. Nd7 Nxd7 29. Rxd7 Rb5 30. Rxa7 Bd3 31. Ra3 Ra5 32. Rxa5 bxa5 33.
Kf2 Bc4 34. a3 f5 35. f4 Kf7 36. h4 h5 37. Ke3 Ke7 38. Kd2 Kd6 39. Kc2 a4 40.
Kd2 Kc6 41. Kc2 Kb5 42. g3 Bf1 43. Kb2 Kc4 44. Kc2 Bg2 45. Kd2 Kb3 46. Kd3 Kxa3
47. c4 dxc4+ 48. Kxc4 Kb2 49. d5 Bxd5+ 50. Kxd5 a3 51. Ke5 a2 52. Kf6 a1=Q 53.
Kxg6 Qd1 54. Kxf5 Qg4+ 0-1

[Event "Dundee & Angus Major Rd4"]
[Site "?"]
[Date "2008.??.??"]
[Round "?"]
[White "Stewart, Alex"]
[Black "Cubitt, David"]
[Result "1/2-1/2"]
[WhiteElo "1347"]
[BlackElo "1445"]
[PlyCount "49"]

1. d4 Nf6 2. Nf3 g6 3. e3 Bg7 4. Bd3 O-O 5. O-O d6 6. e4 Bg4 7. h3 Bxf3 8. Qxf3
Nc6 9. c3 e5 10. d5 Ne7 11. Bg5 Nd7 12. Qe3 f6 13. Bh6 f5 14. Bxg7 Kxg7 15. f4
fxe4 16. Bxe4 Nf5 17. Bxf5 Rxf5 18. Nd2 Rxf4 19. Rxf4 exf4 20. Qxf4 Qf6 21. Qe3
Qe5 22. Re1 Re8 23. Qxe5+ Rxe5 24. Rxe5 Nxe5 25. c4 1/2-1/2

[Event "Dundee & Angus Major Rd4"]
[Site "?"]
[Date "2008.??.??"]
[Round "?"]
[White "Boustred, Noel"]
[Black "Newton, Andrew"]
[Result "0-1"]
[WhiteElo "1477"]
[BlackElo "1236"]
[PlyCount "104"]

1. e4 c5 2. Nf3 d6 3. c3 Nf6 4. g3 Nxe4 5. Qa4+ Bd7 6. Qxe4 Nc6 7. Bg2 e5 8.
O-O f5 9. Qe3 Be7 10. d4 cxd4 11. cxd4 e4 12. Ne1 Qb6 13. d5 Nb4 14. Qxb6 axb6
15. Nc3 Bf6 16. f3 Bd4+ 17. Kh1 e3 18. f4 Kf7 19. Nf3 Bc5 20. Ng5+ Kf6 21. Bf3
h6 22. Nh3 g5 23. fxg5+ hxg5 24. Kg2 Rag8 25. Be2 Kg6 26. Ng1 Rh6 27. Nf3 f4
28. a3 Bh3+ 29. Kg1 Bxf1 30. axb4 Bxe2 31. Nxe2 Bxb4 32. Ra4 Bc5 33. b4 b5 34.
Ra2 Bb6 35. g4 Rc8 36. Kg2 Rc4 37. Rb2 Rh8 38. Ne1 Rhc8 39. Rb1 Bd8 40. Kf3 Bf6
41. h3 Bc3 42. Ba3 Bxe1 43. Rxe1 Ra8 44. Ra1 Rxb4 45. h4 Rba4 46. hxg5 Kxg5 47.
Bxd6 Rxa1 48. Be7+ Kg6 49. Nxf4+ Kf7 50. Bc5 Re8 51. Ne6 Rd1 52. Kxe3 b4 0-1

[Event "Dundee & Angus Major Rd4"]
[Site "?"]
[Date "2008.??.??"]
[Round "?"]
[White "Simpson, Paul"]
[Black "Sawaryn, Steve"]
[Result "0-1"]
[WhiteElo "993"]
[BlackElo "1437"]
[PlyCount "76"]

1. d4 d5 2. c4 e5 3. dxe5 d4 4. g3 Nc6 5. Bg2 Be6 6. Bxc6+ bxc6 7. b3 Qd7 8.
Bb2 Bb4+ 9. Nd2 c5 10. Qc1 Qc6 11. f3 Ne7 12. Kf2 O-O 13. Ba3 f6 14. Bxb4 cxb4
15. exf6 Rxf6 16. Qf1 Nf5 17. Ne4 Qxe4 18. fxe4 Ne3+ 19. Nf3 Nxf1 20. Raxf1 Bh3
21. Rd1 c5 22. Rd3 Raf8 23. Rhd1 a5 24. Kg1 g5 25. Nd2 Rf2 26. Rf3 Rg2+ 27. Kh1
Rxe2 28. Rxf8+ Kxf8 29. Kg1 Ke7 30. Nf3 Rg2+ 31. Kh1 Rxa2 32. Nxg5 Bg2+ 33. Kg1
h6 34. Nf3 Bxf3 35. Rf1 Rg2+ 36. Kh1 Rf2+ 37. Kg1 Rxf1+ 38. Kxf1 Bxe4 0-1

[Event "Dundee & Angus Major Rd4"]
[Site "?"]
[Date "2008.??.??"]
[Round "?"]
[White "Wallace, Bruce"]
[Black "Freel, Lawrence"]
[Result "1-0"]
[WhiteElo "1395"]
[BlackElo "1492"]
[PlyCount "32"]

1. e4 d6 2. Nc3 Nf6 3. Bc4 c5 4. d3 Nbd7 5. a4 Ne5 6. Bb3 Bg4 7. f3 Bh5 8. Be3
e6 9. Nh3 Be7 10. Nf4 Bg6 11. Bxe6 fxe6 12. Nxe6 Qd7 13. Nxg7+ Kd8 14. Bh6 Rb8
15. h4 Bh5 16. g4 Nfxg4 1-0

[Event "Dundee & Angus Minor Rd4"]
[Site "?"]
[Date "2008.??.??"]
[Round "?"]
[White "Robbie, Dale"]
[Black "Dallas, Alastair"]
[Result "1-0"]
[WhiteElo "1092"]
[BlackElo "1240"]
[PlyCount "78"]

1. d4 Nf6 2. Nf3 d6 3. e3 Bf5 4. c4 Nbd7 5. Nc3 Ne4 6. Qb3 Nxc3 7. bxc3 Nb6 8.
Be2 h6 9. h4 h5 10. Ba3 e6 11. g3 Be7 12. Rd1 O-O 13. Bd3 Qd7 14. Bxf5 exf5 15.
Qb5 Qe6 16. d5 Qe4 17. Rd4 Qc2 18. Qb2 Qa4 19. Nd2 Qd7 20. g4 Bf6 21. Rf4 Na4
22. Qc2 Bxc3 23. gxf5 Be5 24. Rg4 Bf6 25. Ne4 Be5 26. f4 Qxf5 27. fxe5 Qxe5 28.
Rhg1 g6 29. Rxg6+ fxg6 30. Rxg6+ Kf7 31. Rf6+ Ke7 32. Re6+ Qxe6 33. dxe6 Nb6
34. c5 Nc8 35. cxd6+ Nxd6 36. Qxc7+ Kxe6 37. Qxd6+ Kf5 38. Qd5+ Kg6 39. Qe6+
Kh7 1-0

[Event "Dundee & Angus Minor Rd4"]
[Site "?"]
[Date "2008.??.??"]
[Round "4"]
[White "Smith, Mark"]
[Black "McCulloch, Andrew"]
[Result "1-0"]
[WhiteElo "1215"]
[BlackElo "1003"]
[Annotator "Noble, Ray"]
[PlyCount "49"]

1. e4 e6 2. d4 d5 3. Nc3 Nf6 4. Bg5 Be7 5. e5 Nfd7 6. h4 h6 7. Qh5 c5 8. Nb5
Qb6 9. O-O-O a6 10. Bxe7 axb5 11. dxc5 Nxc5 12. Bxc5 Qxc5 13. Kb1 O-O 14. Bd3
Nc6 15. Nf3 Bd7 16. Ng5 Be8 17. f4 f6 18. Bh7+ Kh8 19. Bg6 fxg5 20. hxg5 Bxg6
21. Qxg6 Nd4 22. Rxd4 Qxd4 23. gxh6 Qg1+ 24. Rxg1 gxh6 25. Rh1 1-0

h7 27. Bg5 Qc7
28. Bf6 Kh8 29. Bxg7+ Kxg7 30. h6+ Kh8 31. Qg5 Nf5 32. gxf5 Rg8 33. Qxg8+ Rxg8+
34. Kh1 Qxe5 35. fxe6 Qxe6 36. Rh2 Rg6 37. Rg1 Rxh6 38. Rxh6 Qxh6+ 39. Kg2 Qd2+
40. Kg3 Qxb2 1-0

[Event "Dundee & Angus Minor Rd5"]
[Site "?"]
[Date "2008.??.??"]
[Round "?"]
[White "Lynch, John"]
[Black "Hardy, Derry"]
[Result "1-0"]
[WhiteElo "1030"]
[BlackElo "1094"]
[Annotator "Noble, Ray"]
[PlyCount "85"]

1. e4 c5 2. Nf3 d6 3. Nc3 Nd7 4. Bc4 e6 5. d4 cxd4 6. Qxd4 Ngf6 7. Bg5 Be7 8.
h3 O-O 9. O-O Qb6 10. Qxb6 Nxb6 11. Nd2 Nxc4 12. Nxc4 a6 13. Rfd1 Rd8 14. e5
Nd5 15. Bxe7 Nxe7 16. exd6 Nd5 17. Nxd5 exd5 18. Nb6 Rb8 19. Rxd5 Be6 20. Rd2
Kf8 21. Rad1 Ke8 22. d7+ Ke7 23. Re1 Rf8 24. g4 g5 25. Kg2 Kd8 26. a3 Kc7 27.
Red1 Rbd8 28. Rd6 Rg8 29. b4 Rg6 30. Na8+ Kb8 31. Nb6 Kc7 32. c4 Rf6 33. Nd5+
Bxd5+ 34. R6xd5 Rf4 35. R1d4 Rf6 36. Re5 h6 37. Rc5+ Kb8 38. a4 b5 39. Rf5 Rxf5
40. gxf5 Kc7 41. Kf3 Rxd7 42. Rxd7+ Kxd7 43. Kg4 1-0

[Event "Dundee & Angus Minor Rd5"]
[Site "?"]
[Date "2008.??.??"]
[Round "?"]
[White "MacMillan, Malcolm"]
[Black "Smith, Mark"]
[Result "0-1"]
[WhiteElo "1077"]
[BlackElo "1215"]
[Annotator "Noble, Ray"]
[PlyCount "78"]

1. e4 e5 2. f4 exf4 3. Nf3 g5 4. Bc4 h6 5. d4 d6 6. O-O Nc6 7. Bb5 Bd7 8. Nc3
Nf6 9. Re1 Be7 10. Bxc6 Bxc6 11. d5 Bd7 12. b3 Ng4 13. Bb2 c6 14. Qe2 Bf6 15.
Rab1 Qb6+ 16. Kf1 Ne3+ 17. Kg1 Nc4+ 18. Kf1 Nxb2 19. e5 dxe5 20. Nxe5 Qe3 21.
Qxe3 fxe3 22. Rxe3 Bxe5 23. Rxe5+ Kd8 24. Rxb2 Kc7 25. Rb1 Rhe8 26. Rbe1 Rxe5
27. Rxe5 Re8 28. Rxe8 Bxe8 29. Kg1 Kd6 30. dxc6 Bxc6 31. Nd1 Ke5 32. Ne3 Kd4
33. Ng4 h5 34. Nf2 Kc3 35. Nd1+ Kxc2 36. Ne3+ Kb2 37. Nc4+ Kxa2 38. Ne5 f6 39.
b4 fxe5 0-1

[Event "Dundee & Angus Minor Rd5"]
[Site "?"]
[Date "2008.??.??"]
[Round "5"]
[White "Woods, Marc"]
[Black "Rutherford, Kathleen"]
[Result "1-0"]
[WhiteElo "1001"]
[BlackElo "1198"]
[Annotator "Noble, Ray"]
[PlyCount "80"]

1. e4 d5 2. e5 Bf5 3. g4 Be4 4. f3 Bg6 5. Bg2 e6 6. Ne2 Nc6 7. d4 Nb4 8. Na3 c5
9. O-O cxd4 10. Nxd4 Bc5 11. Kh1 Bxd4 12. Qxd4 Nc6 13. Qa4 Qd7 14. Bf4 h5 15.
Bg3 h4 16. Bf4 h3 17. Rad1 hxg2+ 18. Kxg2 Nge7 19. Nc4 O-O 20. Qb3 Qc7 21. Nd6
Na5 22. Qe3 Qxc2+ 23. Rd2 Qc7 24. h4 Nc4 25. Nxc4 Qxc4 26. h5 Bh7 27. Bg5 Qc7
28. Bf6 Kh8 29. Bxg7+ Kxg7 30. h6+ Kh8 31. Qg5 Nf5 32. gxf5 Rg8 33. Qxg8+ Rxg8+
34. Kh1 Qxe5 35. fxe6 Qxe6 36. Rh2 Rg6 37. Rg1 Rxh6 38. Rxh6 Qxh6+ 39. Kg2 Qd2+
40. Kg3 Qxb2 1-0